[Event "Moscow ol (Women)"]
[Site "Moscow"]
[Date "1994.??.??"]
[Round "13.1"]
[White "Chaves, Joara"]
[Black "Hoiberg, Nina"]
[Result "0-1"]
[WhiteElo "2050"]
[BlackElo "2275"]
[PlyCount "116"]
[EventDate "1994.12.01"]
[EventType "team-swiss"]
[EventRounds "14"]
[EventCountry "RUS"]
[SourceTitle "EXT 1999"]
[Source "ChessBase"]
[SourceDate "1998.11.10"]
[SourceVersion "1"]
[SourceVersionDate "1998.11.10"]
[SourceQuality "1"]
[WhiteTeam "Brasilien"]
[BlackTeam "Danmark"]
[WhiteTeamCountry "BRA"]
[BlackTeamCountry "DEN"]

1. e4 e5 2. Nf3 Nc6 3. Bb5 Nf6 4. Bxc6 dxc6 5. d3 Bd6 6. h3 h6 7. Nbd2 Be6 8.
b3 Nd7 9. Bb2 Qe7 10. Qe2 O-O-O 11. Nc4 f6 12. Nfd2 h5 13. O-O-O Bc5 14. Kb1
Nf8 15. g3 h4 16. Qf1 hxg3 17. fxg3 Qd7 18. h4 b5 19. Nxe5 fxe5 20. Bxe5 Ng6
21. Bb2 Rhf8 22. Qg2 Rf2 23. Qg1 Bg4 24. Rf1 Rdf8 25. Rxf2 Rxf2 26. h5 Nf8 27.
b4 Bb6 28. Qc1 Be3 29. Bc3 Kb7 30. Nb3 Bxc1 31. Nc5+ Kc8 32. Nxd7 Bh6 33. Bd4
Rf3 34. Nxf8 Rxf8 35. Rh4 Be6 36. Bxa7 Rf3 37. Bd4 Rxg3 38. Rh1 Bg4 39. Be5 Rg2
40. Kb2 Be2 41. Kc3 Rg5 42. Kd4 Bf3 43. Rh2 Rxh5 44. Rxh5 Bxh5 45. c4 Be2 46.
Kc3 g6 47. Bg3 Be3 48. cxb5 cxb5 49. d4 g5 50. d5 Bf4 51. Bf2 Bh2 52. Kd2 Bc4
53. Be3 Bf4 54. Bxf4 gxf4 55. Ke1 Kd7 56. Kf2 Kd6 57. Kf3 Ke5 58. a3 Bd3 0-1

[Event "Moscow ol (Women)"]
[Site "Moscow"]
[Date "1994.??.??"]
[Round "13.2"]
[White "Guindy, Esmat"]
[Black "Leme, Jussara Chaves Garc"]
[Result "1-0"]
[WhiteElo "2045"]
[BlackElo "2135"]
[PlyCount "65"]
[EventDate "1994.12.01"]
[EventType "team-swiss"]
[EventRounds "14"]
[EventCountry "RUS"]
[SourceTitle "EXT 1999"]
[Source "ChessBase"]
[SourceDate "1998.11.10"]
[SourceVersion "1"]
[SourceVersionDate "1998.11.10"]
[SourceQuality "1"]
[WhiteTeam "Danmark"]
[BlackTeam "Brasilien"]
[WhiteTeamCountry "DEN"]
[BlackTeamCountry "BRA"]

1. d4 c5 2. d5 e5 3. c4 d6 4. Nc3 Nf6 5. e4 Be7 6. h3 O-O 7. Nf3 a6 8. Bd3 Ne8
9. O-O g6 10. Nh2 f5 11. f4 exf4 12. exf5 Bxf5 13. Bxf4 Bg5 14. Bxg5 Qxg5 15.
Bxf5 gxf5 16. Qe2 Ng7 17. Nf3 Qf6 18. Rae1 Re8 19. Qxe8+ Nxe8 20. Rxe8+ Kf7 21.
Rfe1 Nc6 22. Rxa8 Nd4 23. Nxd4 Qxd4+ 24. Kh1 Qxc4 25. a4 f4 26. Rae8 f3 27.
R8e3 fxg2+ 28. Kxg2 Qd4 29. Rf3+ Kg6 30. Re4 Qd2+ 31. Rf2 Qd3 32. Rg4+ Kh6 33.
Ne4 1-0

[Event "Moscow ol (Women)"]
[Site "Moscow"]
[Date "1994.??.??"]
[Round "13.3"]
[White "Ribeiro, Regina"]
[Black "Stewart, Tanya"]
[Result "1/2-1/2"]
[WhiteElo "2100"]
[BlackElo "2055"]
[PlyCount "98"]
[EventDate "1994.12.01"]
[EventType "team-swiss"]
[EventRounds "14"]
[EventCountry "RUS"]
[SourceTitle "EXT 1999"]
[Source "ChessBase"]
[SourceDate "1998.11.10"]
[SourceVersion "1"]
[SourceVersionDate "1998.11.10"]
[SourceQuality "1"]
[WhiteTeam "Brasilien"]
[BlackTeam "Danmark"]
[WhiteTeamCountry "BRA"]
[BlackTeamCountry "DEN"]

1. Nf3 Nf6 2. g3 g6 3. Bg2 Bg7 4. O-O O-O 5. c4 c6 6. d4 d6 7. Nc3 Nbd7 8. Qc2
e5 9. Rd1 Qe7 10. h3 Re8 11. Bg5 h6 12. Be3 Nf8 13. dxe5 dxe5 14. Qd2 e4 15.
Nd4 Kh7 16. Nb3 b6 17. Qd6 Bb7 18. c5 Qxd6 19. Rxd6 N8d7 20. Nxe4 Nxe4 21. Rxd7
Ba6 22. Rxf7 Kg8 23. Rf4 Nxg3 24. Bxc6 Nxe2+ 25. Kg2 Nxf4+ 26. Bxf4 Bxb2 27.
Bxa8 Rxa8 28. Rd1 Bb7+ 29. Kh2 g5 30. Be3 Be5+ 31. Kg1 Bc6 32. cxb6 axb6 33.
Bxb6 Rxa2 34. Nd4 Bb7 35. Nf5 Bf3 36. Rf1 Kh7 37. Be3 Kg6 38. Nd4 Bxd4 39. Bxd4
Ra4 40. Be3 Rh4 41. Kh2 g4 42. Kg3 Rxh3+ 43. Kf4 Rh5 44. Rb1 Rf5+ 45. Kg3 h5
46. Rb6+ Kf7 47. Kh4 Rd5 48. Bf4 Rd1 49. Bg3 Rd5 1/2-1/2

[Event "Moscow ol (Women)"]
[Site "Moscow"]
[Date "1994.??.??"]
[Round "14.1"]
[White "Sheremetieva, Marina"]
[Black "Hoiberg, Nina"]
[Result "0-1"]
[WhiteElo "2285"]
[BlackElo "2275"]
[PlyCount "122"]
[EventDate "1994.12.01"]
[EventType "team-swiss"]
[EventRounds "14"]
[EventCountry "RUS"]
[SourceTitle "EXT 1999"]
[Source "ChessBase"]
[SourceDate "1998.11.10"]
[SourceVersion "1"]
[SourceVersionDate "1998.11.10"]
[SourceQuality "1"]
[WhiteTeam "Moldava"]
[BlackTeam "Danmark"]
[WhiteTeamCountry "MDA"]
[BlackTeamCountry "DEN"]

1. e4 e5 2. Nf3 Nc6 3. Bc4 Nf6 4. d3 Be7 5. O-O O-O 6. c3 d5 7. exd5 Nxd5 8.
Re1 Bg4 9. h3 Bh5 10. Nbd2 Nb6 11. Bb5 f6 12. Qe2 Re8 13. Ne4 a6 14. Bxc6 bxc6
15. Ng3 Bf7 16. Nf5 Bf8 17. Rd1 Nc8 18. N3h4 Ne7 19. Qf3 Nxf5 20. Nxf5 Qd7 21.
Ng3 Bd5 22. Qg4 Qxg4 23. hxg4 Rad8 24. Be3 Rd7 25. g5 Red8 26. gxf6 gxf6 27. d4
Bd6 28. dxe5 Bxe5 29. f4 Bd6 30. Kf2 Rg7 31. Rg1 Re8 32. Nh5 Rxe3 33. Kxe3 Re7+
34. Kd2 Kf7 35. Rae1 Rxe1 36. Kxe1 Kg6 37. g4 f5 38. Ng3 fxg4 39. Ne2 Kf5 40.
Rf1 Bc5 41. Ng3+ Kf6 42. Kd2 Bd6 43. Ke3 Bc5+ 44. Kd3 Bg2 45. Re1 Bd6 46. Ne4+
Kf5 47. Nxd6+ cxd6 48. Ke3 Be4 49. c4 h5 50. Rd1 d5 51. cxd5 Bxd5 52. b4 h4 53.
a4 h3 54. b5 axb5 55. axb5 h2 56. b6 g3 57. b7 g2 58. b8=Q g1=Q+ 59. Rxg1
hxg1=Q+ 60. Ke2 Qg2+ 61. Ke3 Qe4+ 0-1

[Event "Moscow ol (Women)"]
[Site "Moscow"]
[Date "1994.??.??"]
[Round "14.3"]
[White "Wagener, Anna"]
[Black "Stewart, Tanya"]
[Result "1-0"]
[WhiteElo "2235"]
[BlackElo "2055"]
[PlyCount "53"]
[EventDate "1994.12.01"]
[EventType "team-swiss"]
[EventRounds "14"]
[EventCountry "RUS"]
[SourceTitle "EXT 1999"]
[Source "ChessBase"]
[SourceDate "1998.11.10"]
[SourceVersion "1"]
[SourceVersionDate "1998.11.10"]
[SourceQuality "1"]
[WhiteTeam "Moldava"]
[BlackTeam "Danmark"]
[WhiteTeamCountry "MDA"]
[BlackTeamCountry "DEN"]

1. e4 c5 2. Nf3 e6 3. c4 Nc6 4. Nc3 a6 5. Be2 d6 6. d4 cxd4 7. Nxd4 Be7 8. O-O
Nf6 9. Be3 O-O 10. Rc1 Bd7 11. f4 Rc8 12. b3 Nxd4 13. Bxd4 Bc6 14. Bf3 Ne8 15.
Qd2 Bf6 16. Be3 Qa5 17. Rfe1 Be7 18. Nd5 Qd8 19. Bb6 Qd7 20. Nxe7+ Qxe7 21. c5
f6 22. Red1 Rf7 23. cxd6 Qd7 24. a4 h6 25. Bh5 Rf8 26. Bg6 Kh8 27. Qe2 1-0